Nghiên cứu hành vi tương lai của khách du lịch khi tham quan điểm đến thành phố Cần Thơ : Luận văn Thạc sĩ Kinh tế. Chuyên ngành Quản trị kinh doanh

Phân tích thực trạng hoạt động du lịch và đánh giá các yếu tố ảnh hưởng đến hành vi thương lai của khách du lịch đối với điểm đến thành phố Cần Thơ.

Αποθηκεύτηκε σε:
Λεπτομέρειες βιβλιογραφικής εγγραφής
Κύριος συγγραφέας: Trần, Thạch Tín
Μορφή: Βιβλίο
Γλώσσα:Undetermined
Έκδοση: Cần Thơ Trường Đại học Cần Thơ 2017
Θέματα:
Ετικέτες: Προσθήκη ετικέτας
Δεν υπάρχουν, Καταχωρήστε ετικέτα πρώτοι!
Thư viện lưu trữ: Trung tâm Học liệu Trường Đại học Cần Thơ
LEADER 01107nam a2200217Ia 4500
001 CTU_224212
008 210402s9999 xx 000 0 und d
082 |a 338.4791 
082 |b T311 
088 |a 60340102 
100 |a Trần, Thạch Tín 
245 0 |a Nghiên cứu hành vi tương lai của khách du lịch khi tham quan điểm đến thành phố Cần Thơ : 
245 0 |b Luận văn Thạc sĩ Kinh tế. Chuyên ngành Quản trị kinh doanh 
245 0 |c Trần Thạch Tín ; Quan Minh Nhựt (Cán bộ hướng dẫn) 
260 |a Cần Thơ 
260 |b Trường Đại học Cần Thơ 
260 |c 2017 
520 |a Phân tích thực trạng hoạt động du lịch và đánh giá các yếu tố ảnh hưởng đến hành vi thương lai của khách du lịch đối với điểm đến thành phố Cần Thơ. 
650 |a Du lịch,Tourism 
650 |x Công nghiệp và thương mại,Industry and trade 
980 |a Trung tâm Học liệu Trường Đại học Cần Thơ